000 00598nam a2200181Ia 4500
005 20250508151229.0
008 008 250505s9999 xx 000 0 eng d
037 _aTextual
040 _aFEDL
_beng
_cFEDL
041 _aeng
_2eng
084 _a371.911, IND
_qFEDL
245 0 _aReport of the expert committee of the central advisory board of Education on uniform Indian braille held on 1st and 2nd April, 1946, as adopted by the board
245 0 _cBureau of Education,India
260 _c1946
300 _a16p.
942 _cTEXL
_h371.911, IND
999 _c1328394
_d1328394